| 000 | 00788nam a2200253 a 4500 | ||
|---|---|---|---|
| 001 | 14374 | ||
| 003 | BD-RjUL | ||
| 005 | 20211208235621.0 | ||
| 008 | 140205r19731963enk 001 0 eng | ||
| 020 | _a124357504 | ||
| 035 | _a(BD-RjUL)14426 | ||
| 040 |
_aDLC _cCarP _dDLC _dBD-RjUL _beng |
||
| 041 | _aeng | ||
| 082 |
_a591.0724 _bANI 1973 |
||
| 245 | 1 | 0 |
_aAnimals for research : _bprinciples of breeding and management / _cedited by W. Lane-Petter. |
| 260 |
_aLondon : _aNew York : _bAcademic Press, _cc1963 [Reprint 1973]. |
||
| 300 |
_axviii, 531 p. : _billus. ; _c24 cm. |
||
| 504 | _aIncludes Index. | ||
| 650 | 0 |
_aLaboratory animals. _944852 |
|
| 650 | 0 |
_aAnimals _xresearch _9218286 |
|
| 700 | 1 |
_aLane-Petter, W. _q(William), _941465 |
|
| 942 |
_2ddc _cBK |
||
| 999 |
_c14374 _d14374 |
||